| 000 | 00647cab a2200205 4500 | ||
|---|---|---|---|
| 001 | WB2416-34 | ||
| 008 | 090401t1988 xxu||||| |||| 00| 0 eng d | ||
| 035 | _a(Sirsi) u41668 | ||
| 041 | _aeng | ||
| 245 | _aRates reform ignorance | ||
| 260 | _c1988 | ||
| 350 | _a0 | ||
| 490 |
_aTimes _v22/4/88 p37 |
||
| 520 | _aA report commissioned by Herring Son and Daw reveals that nearly two thirds of Britain`s smaller companies are unaware of the implications of rating reform and revaluation . | ||
| 650 | _aNATIONAL NON DOMESTIC RATE | ||
| 650 | _aUNIFORM BUSINESS RATE | ||
| 690 | _aRATING AND VALUATION | ||
| 942 | _n0 | ||
| 948 | _c04/03/1997 | ||
| 999 |
_c26745 _d26745 |
||